00449 2200193 4500001002100000005001500021035002000036007000300056008004100059020001500100082001100115084001700126100001900143245002500162260003500187856001700222990000800239990000800247INLIS00000000000071020220830101024 a0010-0822000195ta220830 g 0 ind  a9796624942 a369.43 a369.43 ROS b0 aRosid Kusnan,M1 aBerbeda, tetapi satu aKlaten :bCempaka Putih,c2010 aKoleksi Umum a845 a846